Tribhuvan University Central Library

The presentation of self in everyday life (Record no. 22760)

MARC details
000 -LEADER
fixed length control field 006010000a22002410004500
082 ## - DEWEY DECIMAL CLASSIFICATION NUMBER
Classification number 155.2
Item number G557p
-- T
041 ## - LANGUAGE CODE
Language code of text/sound track or separate title Eng
100 ## - MAIN ENTRY--PERSONAL NAME
Personal name Goffman, Erving
245 ## - TITLE STATEMENT
Title The presentation of self in everyday life
260 ## - PUBLICATION, DISTRIBUTION, ETC. (IMPRINT)
Place of publication, distribution, etc New York
Name of publisher, distributor, etc Doubleday Anchor Books, USA
260 ## - PUBLICATION, DISTRIBUTION, ETC. (IMPRINT)
Date of publication, distribution, etc 1959
300 ## - PHYSICAL DESCRIPTION
Extent xi, 259p.
518 ## - DATE/TIME AND PLACE OF AN EVENT NOTE
Date/time and place of an event note 20001129
530 ## - ADDITIONAL PHYSICAL FORM AVAILABLE NOTE
Additional physical form available note M
500 ## - GENERAL NOTE
General note Bibliography at the end of each chapter
650 ## - SUBJECT ADDED ENTRY--TOPICAL TERM
Topical term or geographic name as entry element Social psychology
650 ## - SUBJECT ADDED ENTRY--TOPICAL TERM
Topical term or geographic name as entry element Family
650 ## - SUBJECT ADDED ENTRY--TOPICAL TERM
Topical term or geographic name as entry element Behavioural sciences
650 ## - SUBJECT ADDED ENTRY--TOPICAL TERM
Topical term or geographic name as entry element Social system
650 ## - SUBJECT ADDED ENTRY--TOPICAL TERM
Topical term or geographic name as entry element Self psychology
650 ## - SUBJECT ADDED ENTRY--TOPICAL TERM
Topical term or geographic name as entry element Social life
942 ## - ADDED ENTRY ELEMENTS (KOHA)
Koha item type General Collections
Holdings
Withdrawn status Lost status Damaged status Not for loan Home library Current library Date acquired Total Checkouts Barcode Date last seen Price effective from
        Tribhuvan University Central Library Tribhuvan University Central Library 06/20/2010   G50874 06/20/2010 06/20/2010